Dog Man Characters By Picture - Statistics

General Stats
  • This quiz has been taken 100 times
  • The average score is 11 of 20
Answer Stats
Picture Answer % Correct
Big Jim
82%
Petey
79%
Dog Man
76%
L'il Petey
76%
Chief
74%
Commander Cupcake
68%
Little Jim
68%
Molly
67%
80-HD
65%
Judge
56%
Flat Petey
55%
Grampa
50%
Nurse Lady
48%
Sarah Hatoff
45%
Sprinkles
45%
Captain Cuddles
42%
Ninja Shark
33%
Disco Grampa
32%
The Scarlet Shedder
30%
The Firecracker Kid
23%
No matching quizzes found
Score Distribution
Percent of People with Each Score
Percentile by Number Answered
Your Score History
You have not taken this quiz